| 000 | 00556nam a2200205 a 4500 | ||
|---|---|---|---|
| 005 | 20210219152945.0 | ||
| 008 | 991125n 000 0 u | ||
| 035 | _aUPN01000068882 | ||
| 100 | 1 | _aLambert, Mike | |
| 222 | 0 | _aBRITISH JOURNAL OF SPECIAL EDUCATION | |
| 245 | 0 | 0 | _aConductive education in a new context |
| 260 | _aReino Unido | ||
| 300 | _a149-152 | ||
| 362 | 0 | _a1992 Vol. 19, no. 4, dic. | |
| 653 | 0 | _aINCAPACITADOS FISICOS | |
| 653 | 0 | _aINTERVENCION | |
| 653 | 0 | _aMETODOS DE ENSEĆANZA | |
| 904 |
_aAC _b006693 |
||
| 905 | _aArticulo | ||
| 999 |
_c64736 _d64736 |
||